XXVII съезд КПСС о международной политике партии

Podrobná bibliografie
Další autoři: Цветков Г. Н., Довгополый Д. Г., Кулинич Н. А., Хмельницкий Н. С.
Shrnutí:Исключено из фонда НТБ ТПУ
Jazyk:ruština
Vydáno: Киев, Вища школа, 1986
Médium: MixedMaterials Kniha
KOHA link:https://koha.lib.tpu.ru/cgi-bin/koha/opac-detail.pl?biblionumber=265736

MARC

LEADER 00000nam0a2200000 4500
001 265736
005 20231031223246.0
035 |a (RuTPU)RU\TPU\book\288738 
090 |a 265736 
100 |a 20140630d1986 km y0rusy50 ca 
101 0 |a rus 
102 |a UA 
105 |a y z 001zy 
200 1 |a XXVII съезд КПСС о международной политике партии  |f Г. Н. Цветков [и др.] 
210 |a Киев  |c Вища школа  |d 1986 
215 |a 87 с.  |c ил. 
320 |a Библиогр.: с. 87. 
333 |a Исключено из фонда НТБ ТПУ 
686 |a Ф61(2)7  |v LBC/SL-A  |2 rubbk 
701 1 |a Цветков  |b Г. Н. 
701 1 |a Довгополый  |b Д. Г. 
701 1 |a Кулинич  |b Н. А. 
701 1 |a Хмельницкий  |b Н. С. 
801 1 |a RU  |b 63413507  |c 20140630 
801 2 |a RU  |b 63413507  |c 20220616  |g RCR 
942 |c BK